[Event "82. Provinciale ROV."]
[Site "Ceregnano ITA"]
[Date "2023.01.27"]
[Round "1.6"]
[White "Togni, Alessandro"]
[Black "Zangheratti, Daniele"]
[Result "1-0"]
[WhiteElo "1360"]
[BlackElo "1777"]
[Annotator "Gabriele Ballarin"]
[PlyCount "87"]
[EventDate "2023.01.27"]
[EventType "swiss"]
[EventRounds "5"]
[EventCountry "ITA"]

1. e4 c5 2. c3 Nf6 3. e5 Nd5 4. d4 cxd4 5. cxd4 e6 6. Nf3 a6 7. Bc4 Bb4+ 8. Bd2 Qa5 9. Bxd5 Bxd2+ 10. Qxd2 Qxd5 11. Nc3 Qa5 12. Ne4 Qxd2+ 13. Nfxd2 Nc6 14. Nd6+ Ke7 15. N2c4 Na7 16. Nb6 Rb8 17. Rc1 f6 18. f4 Rf8 19. O-O Kd8 20. Rc2 Nc6 21. Rfc1 Kc7 22. Nbxc8 Rbxc8 23. Nxc8 Kxc8 24. Rf1 Kb8 25. Rd2 Nb4 26. f5 Nd5 27. fxe6 dxe6 28. exf6 gxf6 29. Re2 Nc7 30. Rf3 Kc8 31. Rh3 Rf7 32. Rh6 Kd7 33. Re4 Kc6 34. Reh4 Nb5 35. Rxh7 Rxh7 36. Rxh7 Nxd4 37. h4 e5 38. Rh6 e4 39. Rxf6+ Kd5 40. h5 e3 41. Kf1 Ke4 42. Rf8 Nc2 43. h6 Kd3 44. Rd8+ 1-0

[Event "82. Provinciale ROV."]
[Site "Ceregnano ITA"]
[Date "2023.01.27"]
[Round "1.7"]
[White "Rosina, Graziano"]
[Black "Ranieri, Guglielmo"]
[Result "1/2-1/2"]
[WhiteElo "1695"]
[BlackElo "1327"]
[Annotator "Gabriele Ballarin"]
[PlyCount "62"]
[EventDate "2023.01.27"]
[EventType "swiss"]
[EventRounds "5"]
[EventCountry "ITA"]

1. Nf3 Nf6 2. c4 e6 3. g3 b6 4. Bg2 Bb7 5. O-O Be7 6. Nc3 O-O 7. d4 d6 8. Qc2 h6 9. e4 Nbd7 10. d5 e5 11. Nh4 Nh7 12. Nf5 Bg5 13. Qe2 Bxc1 14. Raxc1 h5 15. b4 g6 16. Nh4 a5 17. a3 Bc8 18. Qc2 Ndf6 19. Na4 Bd7 20. Nc3 Qc8 21. Nb5 Bxb5 22. cxb5 axb4 23. axb4 Ra7 24. Ra1 Qb7 25. Rxa7 Qxa7 26. Rc1 Ra8 27. Qxc7 Qxc7 28. Rxc7 Ra1+ 29. Bf1 Nxe4 30. Rc2 Rb1 31. f3 Nef6 1/2-1/2

[Event "82. Provinciale ROV."]
[Site "Ceregnano ITA"]
[Date "2023.01.27"]
[Round "1.8"]
[White "Carlino, Alessandro"]
[Black "Negro, Raffaele"]
[Result "1/2-1/2"]
[WhiteElo "1313"]
[BlackElo "1688"]
[Annotator "Gabriele Ballarin"]
[PlyCount "99"]
[EventDate "2023.01.27"]
[EventType "swiss"]
[EventRounds "5"]
[EventCountry "ITA"]

1. e4 b6 2. d4 Bb7 3. Nc3 e6 4. Be3 Bb4 5. Qd3 Nf6 6. f3 Ba6 7. Qd2 Bxf1 8. Kxf1 d5 9. e5 Nfd7 10. a3 Be7 11. Nce2 c5 12. c3 Nc6 13. f4 Na5 14. Qd3 c4 15. Qc2 Nb3 16. Rd1 b5 17. Nf3 a5 18. h3 b4 19. a4 Nb6 20. g4 Qd7 21. h4 Nxa4 22. Rg1 bxc3 23. bxc3 Nb6 24. f5 a4 25. Nc1 Nxc1 26. Rxc1 a3 27. Ra1 h6 28. fxe6 Qxe6 29. Rg3 f6 30. Kf2 fxe5 31. dxe5 Nd7 32. Bd4 O-O 33. Kg2 Rf4 34. g5 h5 35. Qd2 Rg4 36. Re1 Rb8 37. Re2 Rb2 38. Qd1 Qf5 39. e6 Qxe6 40. Rxb2 axb2 41. Qc2 Ba3 42. Rxg4 Qxg4+ 43. Kf2 Nc5 44. Qg6 Nd3+ 45. Ke3 Qf4+ 46. Ke2 Bf8 47. Qb6 Qc1 48. Qe6+ Kh8 49. Qh6+ Kg8 50. Qe6+ 1/2-1/2

[Event "82. Provinciale ROV."]
[Site "Ceregnano ITA"]
[Date "2023.01.27"]
[Round "1.9"]
[White "Benà_261, Ermanno"]
[Black "Scaranaro, Martina"]
[Result "1/2-1/2"]
[WhiteElo "1683"]
[BlackElo "1157"]
[Annotator "Gabriele Ballarin"]
[PlyCount "45"]
[EventDate "2023.01.27"]
[EventType "swiss"]
[EventRounds "5"]
[EventCountry "ITA"]

1. d4 Nf6 2. c4 g6 3. Nc3 Bg7 4. e4 d6 5. f3 O-O 6. Bg5 h6 7. Be3 e5 8. d5 Nh7 9. Qd2 h5 10. Bh6 f5 11. Bd3 f4 12. Bxg7 Kxg7 13. O-O-O a5 14. Nge2 Na6 15. Na4 Bd7 16. Nec3 Nb4 17. Bb1 Qb8 18. a3 Na6 19. Bd3 Qa7 20. Kb1 Nc5 21. Bc2 Nxa4 22. Bxa4 Bxa4 23. Nxa4 1/2-1/2

[Event "82. Provinciale ROV."]
[Site "Ceregnano ITA"]
[Date "2023.01.27"]
[Round "1.10"]
[White "Lazzarini, Giovanni"]
[Black "Morganti, Lionello"]
[Result "1/2-1/2"]
[WhiteElo "1103"]
[BlackElo "1586"]
[Annotator "Gabriele Ballarin"]
[PlyCount "48"]
[EventDate "2023.01.27"]
[EventType "swiss"]
[EventRounds "5"]
[EventCountry "ITA"]

1. e4 d6 2. d4 Nf6 3. Nc3 g6 4. f3 Bg7 5. Bc4 c6 6. Nge2 b5 7. Bb3 a5 8. a3 O-O 9. Be3 Ba6 10. Qd2 Qc7 11. Ng3 e5 12. Kf2 Nbd7 13. Rhd1 Rfd8 14. Nce2 Bb7 15. c4 h5 16. cxb5 cxb5 17. Rac1 Qb8 18. dxe5 dxe5 19. Rc2 h4 20. Nf1 Bxe4 21. Rc3 Bf5 22. Qd6 Bf8 23. Qxb8 Rdxb8 24. Bg5 h3 1/2-1/2

[Event "82. Provinciale ROV."]
[Site "Ceregnano ITA"]
[Date "2023.01.27"]
[Round "1.11"]
[White "Tiozzo, Fabio"]
[Black "Ennio, Lorenzo"]
[Result "1-0"]
[WhiteElo "1558"]
[BlackElo "999"]
[Annotator "Gabriele Ballarin"]
[PlyCount "31"]
[EventDate "2023.01.27"]
[EventType "swiss"]
[EventRounds "5"]
[EventCountry "ITA"]

1. b3 e5 2. Bb2 Nc6 3. e3 d6 4. Nf3 Bg4 5. h3 Bh5 6. Be2 Nf6 7. d4 e4 8. Nfd2 Bxe2 9. Qxe2 d5 10. a3 Be7 11. c4 O-O 12. Nc3 Na5 13. cxd5 Nxd5 14. Ncxe4 Nf6 15. Qf3 Qd5 16. Nxf6+ 1-0

[Event "82. Provinciale ROV."]
[Site "Ceregnano ITA"]
[Date "2023.01.27"]
[Round "1.12"]
[White "Spiandorello, Edoardo"]
[Black "Rubini, Alessandro BO"]
[Result "0-1"]
[WhiteElo "999"]
[BlackElo "1553"]
[Annotator "Gabriele Ballarin"]
[PlyCount "100"]
[EventDate "2023.01.27"]
[EventType "swiss"]
[EventRounds "5"]
[EventCountry "ITA"]

1. e4 c5 2. c3 Nf6 3. e5 Nd5 4. d4 cxd4 5. cxd4 d6 6. Nf3 Nc6 7. Nc3 Nxc3 8. bxc3 dxe5 9. d5 e4 10. Bb5 exf3 11. Qxf3 Bd7 12. dxc6 bxc6 13. Bxc6 Rc8 14. Bxd7+ Qxd7 15. O-O e6 16. Bf4 Be7 17. Qg3 O-O 18. Bh6 Bf6 19. Rfd1 Qc7 20. Qxc7 Rxc7 21. Bd2 Rfc8 22. Rab1 Bxc3 23. Bf4 e5 24. Be3 f5 25. g3 Kf7 26. Rd5 Ke6 27. Rbd1 Bd4 28. Bxd4 Kxd5 29. Bb6+ Ke6 30. Bxc7 Rxc7 31. Kf1 Rc2 32. Ra1 a5 33. Ke1 a4 34. a3 Kd5 35. f3 Kc4 36. Rb1 Rxh2 37. Rb4+ Kd3 38. Rxa4 Ke3 39. Kd1 Kxf3 40. Ra5 Kxg3 41. Rxe5 g6 42. a4 Ra2 43. a5 f4 44. Rg5+ Kh4 45. Rd5 g5 46. Rd6 Rxa5 47. Rh6+ Kg3 48. Rxh7 Re5 49. Rh1 Kg2 50. Rh5 f3 0-1

[Event "82. Provinciale ROV."]
[Site "Ceregnano ITA"]
[Date "2023.01.28"]
[Round "2.1"]
[White "Rubini, Alessandro BO"]
[Black "Vincenzi, Marco"]
[Result "0-1"]
[WhiteElo "1553"]
[BlackElo "2029"]
[Annotator "Gabriele Ballarin"]
[PlyCount "90"]
[EventDate "2023.01.27"]
[EventType "swiss"]
[EventRounds "5"]
[EventCountry "ITA"]

1. e4 e5 2. Nf3 Nc6 3. d4 exd4 4. Nxd4 Bc5 5. Be3 Qf6 6. c3 Nge7 7. Bc4 b6 8. O-O O-O 9. b4 Bxd4 10. Bxd4 Nxd4 11. cxd4 d5 12. e5 Qf4 13. g3 Qh6 14. Bb3 Bh3 15. Re1 c6 16. Nc3 b5 17. a4 a6 18. axb5 axb5 19. Bc2 Nf5 20. Ne2 Bg4 21. Qd3 g6 22. Nf4 Nh4 23. gxh4 Qxf4 24. Qe3 Qf3 25. Qxf3 Bxf3 26. h5 Bxh5 27. Kg2 g5 28. Bf5 Ra4 29. Rxa4 bxa4 30. Ra1 f6 31. Rxa4 fxe5 32. Be6+ Kg7 33. dxe5 Bf3+ 34. Kg3 h5 35. Ra7+ Kg6 36. h4 g4 37. Rd7 Be4 38. Rd6 Rf3+ 39. Kg2 Kg7 40. Kf1 g3 41. Rxc6 gxf2 42. Rc7+ Kf8 43. Rf7+ Rxf7 44. Bxf7 Kxf7 45. Kxf2 Ke6 0-1

[Event "82. Provinciale ROV."]
[Site "Ceregnano ITA"]
[Date "2023.01.28"]
[Round "2.2"]
[White "Aprile, Martino"]
[Black "Tiozzo, Fabio"]
[Result "1-0"]
[WhiteElo "1978"]
[BlackElo "1558"]
[Annotator "Gabriele Ballarin"]
[PlyCount "77"]
[EventDate "2023.01.27"]
[EventType "swiss"]
[EventRounds "5"]
[EventCountry "ITA"]

1. e4 d5 2. exd5 Qxd5 3. Nc3 Qa5 4. d4 Nf6 5. Nf3 c6 6. Ne5 Be6 7. Bf4 Nbd7 8. Nc4 Bxc4 9. Bxc4 e6 10. O-O Be7 11. Qe2 O-O 12. Rad1 Rfe8 13. Rfe1 Nb6 14. Bb3 Bb4 15. Bd2 Bxc3 16. Bxc3 Qh5 17. Qd3 Rad8 18. Re5 Qh4 19. Be1 Ng4 20. Re4 Qxh2+ 21. Kf1 Qh1+ 22. Ke2 Qxg2 23. Rd2 e5 24. Kd1 exd4 25. f3 Qh1 26. Rde2 Ne3+ 27. Kc1 Rxe4 28. fxe4 Qg1 29. c3 c5 30. cxd4 cxd4 31. a4 Qg5 32. Kb1 a5 33. Bd2 Rc8 34. Qxd4 Qg1+ 35. Re1 Qf2 36. Rxe3 Qg1+ 37. Ka2 Qg6 38. Bxa5 Na8 39. Rf3 1-0

[Event "82. Provinciale ROV."]
[Site "Ceregnano ITA"]
[Date "2023.01.28"]
[Round "2.3"]
[White "Matei, Cristian"]
[Black "Togni, Alessandro"]
[Result "1-0"]
[WhiteElo "1866"]
[BlackElo "1360"]
[Annotator "Gabriele Ballarin"]
[PlyCount "113"]
[EventDate "2023.01.27"]
[EventType "swiss"]
[EventRounds "5"]
[EventCountry "ITA"]

1. e4 c5 2. Nf3 d6 3. d4 cxd4 4. Nxd4 Nf6 5. Nc3 a6 6. f3 h5 7. Be3 e5 8. Nb3 Be6 9. Qd2 Nc6 10. O-O-O Qc7 11. Kb1 Rd8 12. Qf2 Nd7 13. Nd5 Bxd5 14. exd5 Ne7 15. Bg5 b5 16. Bd3 Nb6 17. Bxe7 Bxe7 18. Rhe1 Nc4 19. g4 hxg4 20. Rg1 Bh4 21. Qe2 gxf3 22. Qxf3 Bf6 23. Qe2 a5 24. Nd4 Qc5 25. Nxb5 Qxb5 26. Bxc4 Qb4 27. Bb5+ Ke7 28. a4 Qf4 29. Rg2 Rh7 30. Rf1 Qb4 31. Rg3 Rb8 32. h3 Rh4 33. Rc3 Rb7 34. Rc8 Rxb5 35. Qxb5 Qxb5 36. axb5 Rb4 37. c4 a4 38. Ka2 e4 39. Rf2 Rb3 40. Re2 Rxh3 41. Rxe4+ Kd7 42. Rce8 a3 43. bxa3 Be5 44. R8xe5 dxe5 45. Rxe5 Rc3 46. Re4 f5 47. Rf4 g6 48. Kb2 Rd3 49. Kc2 Rxa3 50. c5 Ra5 51. Rb4 f4 52. Kd3 g5 53. b6 Rxc5 54. b7 Rxd5+ 55. Ke4 f3 56. Kxd5 f2 57. b8=Q 1-0

[Event "82. Provinciale ROV."]
[Site "Ceregnano ITA"]
[Date "2023.01.28"]
[Round "2.4"]
[White "Sakharov, Sergiy"]
[Black "Zanirato, Stefano"]
[Result "0-1"]
[WhiteElo "1423"]
[BlackElo "1786"]
[Annotator "Gabriele Ballarin"]
[PlyCount "96"]
[EventDate "2023.01.27"]
[EventType "swiss"]
[EventRounds "5"]
[EventCountry "ITA"]

1. c4 Nc6 2. d4 d5 3. Nc3 e5 4. dxe5 d4 5. Nd5 Be6 6. e4 dxe3 7. Bxe3 Bxd5 8. cxd5 Bb4+ 9. Bd2 Qxd5 10. Nf3 Bxd2+ 11. Qxd2 Qxd2+ 12. Kxd2 O-O-O+ 13. Kc3 Nh6 14. Bb5 Ne7 15. h3 Nd5+ 16. Kb3 a6 17. Bc4 b5 18. Bxd5 Rxd5 19. Rad1 Rhd8 20. Kc2 Nf5 21. Rxd5 Rxd5 22. Rd1 Rxd1 23. Kxd1 h6 24. Kd2 Kd7 25. b4 Ke6 26. Kd3 Kd5 27. g4 Ne7 28. a3 Nc6 29. Nd2 Nxe5+ 30. Kc3 Nc4 31. Nb3 Nd6 32. f3 Nb7 33. Nd4 g6 34. Kd3 c5 35. bxc5 Nxc5+ 36. Kc3 Na4+ 37. Kd3 Nb2+ 38. Kc3 Nd1+ 39. Kd3 Nf2+ 40. Ke3 Nxh3 41. Nc2 a5 42. f4 g5 43. f5 Nf4 44. Nd4 b4 45. axb4 axb4 46. f6 Kc4 47. Ke4 Nd5 48. Ke5 Nxf6 0-1

[Event "82. Provinciale ROV."]
[Site "Ceregnano ITA"]
[Date "2023.01.28"]
[Round "2.5"]
[White "Morganti, Lionello"]
[Black "Celandon, Alberto"]
[Result "0-1"]
[WhiteElo "1586"]
[BlackElo "1778"]
[Annotator "Gabriele Ballarin"]
[PlyCount "86"]
[EventDate "2023.01.27"]
[EventType "swiss"]
[EventRounds "5"]
[EventCountry "ITA"]

1. e4 c5 2. Nf3 d6 3. Bb5+ Bd7 4. Bxd7+ Qxd7 5. O-O Nc6 6. d4 cxd4 7. Nxd4 Nf6 8. Re1 g6 9. c3 Bg7 10. Nd2 O-O 11. N2f3 Rfd8 12. Bg5 Rac8 13. Rc1 Qc7 14. Qe2 a6 15. Rc2 Nxd4 16. Nxd4 Re8 17. a3 Nd7 18. Rd2 Ne5 19. Nf3 Nc4 20. Rc2 Qb6 21. Bc1 Qc7 22. Nd2 b5 23. Nf3 Red8 24. Rd1 Qc6 25. Nd4 Qb7 26. Nf3 Rd7 27. h3 Rdc7 28. Qd3 a5 29. b3 Ne5 30. Nxe5 Bxe5 31. Bd2 a4 32. Rb1 axb3 33. Rxb3 Rc4 34. Rcb2 Qxe4 35. Qxe4 Rxe4 36. Rxb5 Bxc3 37. Rc2 Rec4 38. Bh6 f6 39. Rb7 Kf7 40. Re2 R4c7 41. Rxc7 Rxc7 42. Be3 d5 43. Rc2 Be5 0-1

[Event "82. Provinciale ROV."]
[Site "Ceregnano ITA"]
[Date "2023.01.28"]
[Round "2.8"]
[White "Negro, Raffaele"]
[Black "Ferlini, Claudio"]
[Result "1-0"]
[WhiteElo "1688"]
[BlackElo "1201"]
[Annotator "Gabriele Ballarin"]
[PlyCount "63"]
[EventDate "2023.01.27"]
[EventType "swiss"]
[EventRounds "5"]
[EventCountry "ITA"]

1. d4 Nf6 2. Nf3 g6 3. Nc3 Bg7 4. e4 d6 5. Bf4 Nc6 6. Qd2 O-O 7. Bh6 e5 8. Bxg7 Kxg7 9. O-O-O Bg4 10. dxe5 Nxe5 11. Be2 Bxf3 12. gxf3 a6 13. h4 Nh5 14. f4 Nd7 15. Bxh5 gxh5 16. e5 Qe7 17. exd6 cxd6 18. Qxd6 Qxd6 19. Rxd6 Nc5 20. Rg1+ Kh8 21. Rh6 Ne6 22. Rxh5 Nxf4 23. Rf5 Ne6 24. Ne4 Rad8 25. Nf6 Ng7 26. Rfg5 Ne6 27. Rh5 Ng7 28. Rhg5 Ne6 29. Rh5 Ng5 30. Rgxg5 Rd1+ 31. Kxd1 Rd8+ 32. Ke2 1-0

[Event "82. Provinciale ROV."]
[Site "Ceregnano ITA"]
[Date "2023.01.28"]
[Round "2.9"]
[White "Ranieri, Guglielmo"]
[Black "Voltolina, Francesco"]
[Result "1-0"]
[WhiteElo "1327"]
[BlackElo "1642"]
[Annotator "Gabriele Ballarin"]
[PlyCount "85"]
[EventDate "2023.01.27"]
[EventType "swiss"]
[EventRounds "5"]
[EventCountry "ITA"]

1. e4 c6 2. d4 d5 3. e5 Bf5 4. f4 e6 5. Nf3 c5 6. Bb5+ Nc6 7. Bxc6+ bxc6 8. c3 Qb6 9. Qb3 Bd3 10. Qxb6 axb6 11. Be3 cxd4 12. cxd4 Bxb1 13. Rxb1 Bb4+ 14. Bd2 Bxd2+ 15. Kxd2 Rxa2 16. Rhc1 Ne7 17. Ra1 Rxa1 18. Rxa1 Nc8 19. Rc1 Kd7 20. Re1 h6 21. Ra1 Kc7 22. b4 Kb7 23. g4 Ne7 24. Ke3 Ng6 25. f5 Ne7 26. Kf4 exf5 27. gxf5 g5+ 28. Kg4 Nc8 29. f6 Na7 30. Rg1 Nb5 31. h4 Rg8 32. Kh5 Rg6 33. hxg5 hxg5 34. Rxg5 Rxg5+ 35. Nxg5 Nxd4 36. Nxf7 Ne6 37. Ng5 d4 38. Nxe6 d3 39. f7 d2 40. f8=Q d1=Q+ 41. Kg6 Qg4+ 42. Ng5 Ka6 43. e6 1-0

[Event "82. Provinciale ROV."]
[Site "Ceregnano ITA"]
[Date "2023.01.28"]
[Round "2.10"]
[White "Aprile, Massimo"]
[Black "Carlino, Alessandro"]
[Result "0-1"]
[WhiteElo "1589"]
[BlackElo "1313"]
[Annotator "Gabriele Ballarin"]
[PlyCount "94"]
[EventDate "2023.01.27"]
[EventType "swiss"]
[EventRounds "5"]
[EventCountry "ITA"]

1. c4 c6 2. d4 d5 3. e3 Nf6 4. Nf3 e6 5. c5 Nbd7 6. b4 b6 7. Nc3 a5 8. bxa5 bxc5 9. dxc5 Nxc5 10. Ne5 Bd7 11. Nxd7 Qxd7 12. Ba3 Rxa5 13. Bb4 Nd3+ 14. Bxd3 Bxb4 15. Qb3 Qd6 16. O-O Ra3 17. Nb5 cxb5 18. Bxb5+ Ke7 19. Qc2 Rb8 20. Bd3 Ng4 21. g3 Ne5 22. Be2 Rba8 23. Qxh7 Ng6 24. Qh5 Qe5 25. Rfc1 Qxh5 26. Bxh5 Bd6 27. Bxg6 fxg6 28. Rc2 Be5 29. Rac1 Rxa2 30. Rc6 Ra1 31. Kg2 Rxc1 32. Rxc1 Bf6 33. Kf3 g5 34. Rb1 Kd6 35. Rb6+ Kd7 36. Rb4 Kc6 37. Rb1 Ra3 38. Ke2 g4 39. Rb4 Ra2+ 40. Kf1 e5 41. Rxg4 d4 42. h4 Kd5 43. e4+ Kc4 44. f4 Kd3 45. fxe5 Bxe5 46. h5 Ke3 47. h6 Kf3 0-1

[Event "82. Provinciale ROV."]
[Site "Ceregnano ITA"]
[Date "2023.01.28"]
[Round "2.11"]
[White "Zangheratti, Daniele"]
[Black "De Marco, Leonardo"]
[Result "1-0"]
[WhiteElo "1777"]
[BlackElo "1393"]
[Annotator "Gabriele Ballarin"]
[PlyCount "65"]
[EventDate "2023.01.27"]
[EventType "swiss"]
[EventRounds "5"]
[EventCountry "ITA"]

1. d4 Nf6 2. c4 c5 3. d5 e6 4. Nc3 exd5 5. cxd5 d6 6. Nf3 g6 7. e4 Bg7 8. h3 O-O 9. Bd3 a6 10. O-O b5 11. a3 Re8 12. Re1 Nbd7 13. Bf4 c4 14. Bc2 Nc5 15. Nd4 Bb7 16. Rb1 Qb6 17. Nc6 Bxc6 18. dxc6 Rad8 19. Bxd6 Qxc6 20. e5 Nfd7 21. f4 Nxe5 22. fxe5 Bxe5 23. Bxe5 Rxd1 24. Rbxd1 f6 25. Rd6 Qb7 26. Nd5 Re6 27. Nxf6+ Kf7 28. Rxe6 Nxe6 29. Nxh7 Qb6+ 30. Kh1 Nd4 31. Rf1+ Ke7 32. Bf6+ Kd6 33. Bxd4 1-0

[Event "82. Provinciale ROV."]
[Site "Ceregnano ITA"]
[Date "2023.01.28"]
[Round "2.12"]
[White "Spiandorello, Edoardo"]
[Black "Simioli, Stefano"]
[Result "0-1"]
[WhiteElo "999"]
[BlackElo "1443"]
[Annotator "Gabriele Ballarin"]
[PlyCount "76"]
[EventDate "2023.01.27"]
[EventType "swiss"]
[EventRounds "5"]
[EventCountry "ITA"]

1. e4 c5 2. Nf3 d6 3. d4 cxd4 4. Nxd4 a6 5. Nc3 Nf6 6. Bd3 e5 7. Nf3 Be7 8. O-O Bg4 9. h3 Bxf3 10. Qxf3 O-O 11. Be3 Nbd7 12. Rfe1 Nc5 13. Rad1 Nxd3 14. cxd3 Qc7 15. Rc1 Qa5 16. d4 Rac8 17. d5 b5 18. a3 b4 19. axb4 Qxb4 20. Re2 Rc4 21. Bg5 Rfc8 22. Ra1 Qb7 23. Kh2 h6 24. Bh4 Rb4 25. Ra2 Rb3 26. Qd3 a5 27. Rxa5 Rxb2 28. Nd1 Rxe2 29. Qxe2 g5 30. Bg3 Qb4 31. Qa6 Rc1 32. Qa8+ Kg7 33. Ra4 Qe1 34. Qb7 Qxd1 35. Bxe5 dxe5 36. Qxe7 Qg1+ 37. Kg3 Rc3+ 38. f3 Rc2 0-1

[Event "82. Provinciale ROV."]
[Site "Ceregnano ITA"]
[Date "2023.01.28"]
[Round "3.1"]
[White "Vincenzi, Marco"]
[Black "Matei, Cristian"]
[Result "1-0"]
[WhiteElo "2029"]
[BlackElo "1866"]
[Annotator "Gabriele Ballarin"]
[PlyCount "76"]
[EventDate "2023.01.27"]
[EventType "swiss"]
[EventRounds "5"]
[EventCountry "ITA"]

1. e4 c6 2. d4 d5 3. e5 Bf5 4. h4 h6 5. g4 Bd7 6. Bd3 Qb6 7. c3 e6 8. Nh3 c5 9. dxc5 Bxc5 10. b4 Be7 11. Nd2 Nc6 12. Nf3 O-O-O 13. O-O f6 14. Nf4 fxe5 15. Ng6 e4 16. Nxh8 exf3 17. Ng6 Bf6 18. Be3 Qc7 19. b5 Ne5 20. Bd4 Ne7 21. Bxe5 Bxe5 22. Nxe7+ Kb8 23. Qxf3 Bf6 24. Ng6 Be8 25. h5 Bxg6 26. Bxg6 Ka8 27. Rfb1 Qe7 28. b6 a6 29. Qe3 e5 30. Qg3 Bh4 31. Qh3 Qf6 32. Bf5 Bg5 33. Qg3 Bf4 34. Qd3 Qe7 35. c4 Qh4 36. cxd5 Qh2+ 37. Kf1 Qh1+ 38. Ke2 Qh4 1-0

[Event "82. Provinciale ROV."]
[Site "Ceregnano ITA"]
[Date "2023.01.28"]
[Round "3.2"]
[White "Zanirato, Stefano"]
[Black "Aprile, Martino"]
[Result "0-1"]
[WhiteElo "1786"]
[BlackElo "1978"]
[Annotator "Gabriele Ballarin"]
[PlyCount "100"]
[EventDate "2023.01.27"]
[EventType "swiss"]
[EventRounds "5"]
[EventCountry "ITA"]

1. e4 c6 2. d4 d5 3. exd5 cxd5 4. Bd3 Nc6 5. c3 Nf6 6. h3 e5 7. dxe5 Nxe5 8. Bb5+ Nc6 9. Nf3 Be7 10. O-O O-O 11. Re1 h6 12. Nbd2 Bc5 13. Nb3 Bb6 14. Be3 Bf5 15. Bd3 Ne4 16. Nfd4 Bh7 17. f3 Nd6 18. Bxh7+ Kxh7 19. Qd3+ Kg8 20. Bf2 Qg5 21. h4 Qf6 22. Re2 Ne5 23. Qc2 Rfe8 24. Rae1 Re7 25. Kf1 Rae8 26. Nd2 h5 27. g3 g6 28. f4 Ng4 29. Rxe7 Rxe7 30. Rxe7 Qxe7 31. Qd3 Ne4 32. Bg1 f5 33. Kg2 Nxd2 34. Qxd2 Qe4+ 35. Kf1 Bxd4 36. Bxd4 Qf3+ 37. Bf2 Qh1+ 38. Bg1 a6 39. Qe2 Kf7 40. a4 Kf6 41. a5 Kf7 42. b3 Kf6 43. Qd2 Qf3+ 44. Bf2 Nxf2 45. Qxf2 Qxc3 46. Qb6+ Qc6 47. Qd4+ Kf7 48. Qb4 Ke6 49. Kf2 Qc2+ 50. Kf1 Qd3+ 0-1

[Event "82. Provinciale ROV."]
[Site "Ceregnano ITA"]
[Date "2023.01.28"]
[Round "3.3"]
[White "Celandon, Alberto"]
[Black "Negro, Raffaele"]
[Result "1-0"]
[WhiteElo "1778"]
[BlackElo "1688"]
[Annotator "Gabriele Ballarin"]
[PlyCount "63"]
[EventDate "2023.01.27"]
[EventType "swiss"]
[EventRounds "5"]
[EventCountry "ITA"]

1. e4 b6 2. d4 Bb7 3. Bd3 Nf6 4. Qe2 Nc6 5. c3 e5 6. d5 Ne7 7. Nf3 Ng6 8. h3 c6 9. c4 Bc5 10. O-O O-O 11. Nc3 Re8 12. g3 cxd5 13. cxd5 Rc8 14. a3 h5 15. Bg5 Be7 16. h4 d6 17. Rac1 Ng4 18. Nb5 a6 19. Na7 Rxc1 20. Rxc1 b5 21. Nc6 Qd7 22. Rc3 Bxg5 23. Nxg5 Nf6 24. a4 bxa4 25. Bxa6 Ra8 26. Bb5 Qg4 27. Qxg4 hxg4 28. Ra3 Nd7 29. h5 Ngf8 30. Ne7+ Kh8 31. Nxf7+ Kh7 32. Nxd6 1-0

[Event "82. Provinciale ROV."]
[Site "Ceregnano ITA"]
[Date "2023.01.28"]
[Round "3.4"]
[White "Carlino, Alessandro"]
[Black "Jimchi, Abdelaziz"]
[Result "0-1"]
[WhiteElo "1313"]
[BlackElo "1698"]
[Annotator "Gabriele Ballarin"]
[PlyCount "50"]
[EventDate "2023.01.27"]
[EventType "swiss"]
[EventRounds "5"]
[EventCountry "ITA"]

1. e4 d6 2. d4 Nf6 3. Nc3 c6 4. Be3 g6 5. Qd2 Bg7 6. f3 b5 7. Bh6 O-O 8. O-O-O Qa5 9. Kb1 Nbd7 10. h4 Nb6 11. h5 b4 12. Nce2 Nc4 13. Qc1 Be6 14. Bxg7 Kxg7 15. b3 Na3+ 16. Ka1 Nxh5 17. g4 Nf6 18. Qh6+ Kg8 19. e5 dxe5 20. dxe5 Qxe5+ 21. c3 bxc3 22. Nd4 Rfd8 23. g5 Rxd4 24. Be2 Rxd1+ 25. Bxd1 c2# 0-1

[Event "82. Provinciale ROV."]
[Site "Ceregnano ITA"]
[Date "2023.01.28"]
[Round "3.5"]
[White "Zangheratti, Daniele"]
[Black "Ranieri, Guglielmo"]
[Result "1-0"]
[WhiteElo "1777"]
[BlackElo "1327"]
[Annotator "Gabriele Ballarin"]
[PlyCount "89"]
[EventDate "2023.01.27"]
[EventType "swiss"]
[EventRounds "5"]
[EventCountry "ITA"]

1. c4 Nf6 2. Nc3 e6 3. g3 Bb4 4. Bg2 Bxc3 5. bxc3 O-O 6. Nf3 d6 7. O-O Nbd7 8. d3 h6 9. h3 Re8 10. e4 e5 11. Be3 Nf8 12. Rb1 Ng6 13. Qc2 b6 14. Rb2 Be6 15. Kh2 a5 16. Ng1 Qd7 17. Ne2 Qe7 18. f4 Bc8 19. f5 Nf8 20. g4 N6h7 21. Ng3 f6 22. Nh5 Ba6 23. Qc1 Nd7 24. Rbf2 Nc5 25. Qd2 Rab8 26. Rg1 Qf7 27. Bf1 Red8 28. Be2 Bxc4 29. Bxc5 dxc5 30. h4 Bxa2 31. Ng3 Bc4 32. g5 hxg5 33. hxg5 fxg5 34. Bh5 Qe7 35. Bg6 Bf7 36. Qe2 Bxg6 37. fxg6 Qe6 38. Nf5 Kf8 39. Rxg5 Nxg5 40. Nd4+ Qf6 41. Rxf6+ gxf6 42. Ne6+ Kg8 43. Nxd8 Rxd8 44. Qa2+ Kh8 45. Qf7 1-0

[Event "82. Provinciale ROV."]
[Site "Ceregnano ITA"]
[Date "2023.01.28"]
[Round "3.6"]
[White "Rosina, Graziano"]
[Black "Sakharov, Sergiy"]
[Result "1/2-1/2"]
[WhiteElo "1695"]
[BlackElo "1423"]
[Annotator "Gabriele Ballarin"]
[PlyCount "59"]
[EventDate "2023.01.27"]
[EventType "swiss"]
[EventRounds "5"]
[EventCountry "ITA"]

1. Nf3 d5 2. g3 c5 3. Bg2 Nc6 4. O-O e5 5. d3 Bd6 6. c4 d4 7. e3 Nge7 8. exd4 exd4 9. Nbd2 Bf5 10. Qb3 O-O 11. Nh4 Na5 12. Qa3 Rc8 13. Nxf5 Nxf5 14. Ne4 Be7 15. Bh3 g6 16. Bxf5 gxf5 17. Nd2 Nc6 18. f4 b6 19. Nf3 Bf6 20. Bd2 Re8 21. Rae1 Qd7 22. Kf2 Rxe1 23. Rxe1 Re8 24. Rxe8+ Qxe8 25. Qa4 h6 26. a3 Kg7 27. b4 Qd7 28. bxc5 bxc5 29. Qb5 Qd6 30. Qb7 {=} 1/2-1/2

[Event "82. Provinciale ROV."]
[Site "Ceregnano ITA"]
[Date "2023.01.28"]
[Round "3.7"]
[White "Togni, Alessandro"]
[Black "Benà_261, Ermanno"]
[Result "1/2-1/2"]
[WhiteElo "1360"]
[BlackElo "1683"]
[Annotator "Gabriele Ballarin"]
[PlyCount "102"]
[EventDate "2023.01.27"]
[EventType "swiss"]
[EventRounds "5"]
[EventCountry "ITA"]

1. e4 e6 2. d4 d5 3. e5 c5 4. c3 cxd4 5. cxd4 Bb4+ 6. Bd2 Qb6 7. Bxb4 Qxb4+ 8. Qd2 Qxd2+ 9. Nxd2 Nc6 10. Ngf3 Nge7 11. Rc1 Bd7 12. Nb3 Rc8 13. a3 b6 14. Bd3 O-O 15. O-O Rfd8 16. Rc3 Nb8 17. Rfc1 Rxc3 18. Rxc3 Rc8 19. Rxc8+ Bxc8 20. Kf1 h6 21. Ke2 Kf8 22. Kd2 Ke8 23. Ng1 a5 24. Ne2 Ba6 25. Nc3 Bc4 26. Kc2 Bxb3+ 27. Kxb3 Nbc6 28. Nb5 Nc8 29. Kc3 Kd7 30. f4 f5 31. g3 N8a7 32. Nd6 Nc8 33. Nxc8 Kxc8 34. Bb5 Ne7 35. Be8 Kc7 36. a4 Kd8 37. Bf7 Kd7 38. b4 Nc6 39. b5 Nb8 40. Kd3 Ke7 41. Bh5 Nd7 42. Ke3 Nf8 43. h3 g6 44. Be2 Nh7 45. h4 g5 46. h5 Kf7 47. g4 gxf4+ 48. Kxf4 fxg4 49. Bxg4 Ng5 50. Bd1 Ne4 51. Bc2 Ng5 1/2-1/2